Management Accounting : A Strategic Approach. (Record no. 3177)

MARC details
005 - DATE AND TIME OF LATEST TRANSACTION
control field 20250605073305.0
020 ## - INTERNATIONAL STANDARD BOOK NUMBER
International Standard Book Number 0-324-11997-6
082 ## - DEWEY DECIMAL CLASSIFICATION NUMBER
Classification number TEA. LECT 657.48 MOR
100 ## - MAIN ENTRY--PERSONAL NAME
Author name MORSE, W. J.
245 ## - TITLE STATEMENT
Title Management Accounting : A Strategic Approach.
250 ## - EDITION STATEMENT
Edition statement 3rd Ed
260 ## - PUBLICATION, DISTRIBUTION, ETC.
Place of publication, distribution, etc. Australia,
Name of publisher, distributor, etc. Thomson,
Date of publication, distribution, etc. 2003.
300 ## - PHYSICAL DESCRIPTION
Extent xxi, 644p.: ill.;
Other physical details Glossary & Index
Dimensions 28cm.
700 ## - ADDED ENTRY--PERSONAL NAME
Other authors/Editors DAVIS, J. R. & HARTGRAVES, A. L.
856 ## - ELECTRONIC LOCATION AND ACCESS
Link text Access Online Book
Electronic name Accounting
Path http://morse.swcollege.com
942 ## - ADDED ENTRY ELEMENTS (KOHA)
Source of classification or shelving scheme Dewey Decimal Classification
Koha item type Books
Holdings
Date last seen Total checkouts Full call number Barcode Cost, replacement price Price effective from Koha item type Lost status Source of classification or shelving scheme Damaged status Not for loan Withdrawn status Home library Current library Shelving location Date acquired Cost, normal purchase price
06/05/2025   TEA. LECT 657.48 MOR 00000011123 196020.00 06/05/2025 Books   Dewey Decimal Classification       College of Business Education Main Library College of Business Education Main Library General Collection 04/22/2005 65340.00